| 000 | 00580nam a22001817a 4500 | ||
|---|---|---|---|
| 003 | MX-MxUPN | ||
| 005 | 20240807063805.0 | ||
| 008 | 221114s1926 mx |||||r|||| 000 0 spa d | ||
| 040 |
_aMX-MxUPN _bspa _cMX-MxUPN |
||
| 041 | 0 | _aspa | |
| 050 | 1 | 4 |
_aQH315 _bN82 |
| 100 | 1 |
_aNúñez, Anselmo S. _947331 |
|
| 245 | 1 | 0 |
_aBiología : _bcurso de biología general |
| 260 |
_aMéxico : _bTalleres Gráficos del Museo Nacional de Arqueología, Historia y Etnografía, _c1926. |
||
| 300 | _a230 páginas | ||
| 650 | 4 |
_aBiología _xEstudio y enseñanza (Superior) _94533 |
|
| 942 |
_2lcc _cLIBRO |
||
| 999 |
_c209035 _d209035 |
||